| 000 | | | 03785nac2a22002413x 450 |
| 001 | | | 759574b4-1a8f-48f6-aa42-21ad1d202d32 |
| 005 | | | 20221209155805.0 |
| 100 | ## | $a | 20221117l1946 k y0rusy50 ca |
| 101 | 0# | $a | rus |
| 102 | ## | $a | RU |
| 105 | ## | $a | y z ||||| |
| 122 | 0# | $a | d19461105 |
| 200 | 1# | $a | Указ Президиума Верховного Совета СССР о награждении орденами и медалями генералов, офицерского и сержантского состава за выслугу лет в Вооруженных Силах Союза ССР, принятый 5 ноября 1946 года (к протоколу № 7) |
| | $j | 5 ноября 1946 |
| 215 | ## | $a | 95 листов |
| 251 | ## | $c | Дело |
| 300 | ## | $a | Машинописный и рукописный текст |
| 461 | #0 | $1 | 001d61833fe-7036-4123-ba24-5c83654b2cf0 |
| | $1 | 2001 |
| | $a | Верховный Совет СССР |
| | $1 | 251 |
| | $c | Фонд |
| | $1 | 852 |
| | $g | Р |
| | $j | 7523 |
| 462 | #0 | $1 | 001f97228f9-855d-4329-90f3-ac5adbe8c7dc |
| | $1 | 2001 |
| | $a | Подлинные протоколы заседаний Президиума Верховного Совета СССР и материалов к ним второго созыва |
| | $v | Д. 72 |
| | $1 | 251 |
| | $c | Опись |
| | $1 | 852 |
| | $j | 36 |
| 601 | 01 | $3 | RU\NLR\AUTH\8817309 |
| | $a | СССР |
| | $b | Верховный Совет |
| 601 | 01 | $3 | RU\NLR\AUTH\8810065327 |
| | $a | СССР |
| | $b | Верховный Совет |
| | $b | Президиум |
| 801 | #0 | $a | RU |
| | $b | GA_RF |
| 801 | #1 | $a | RU |
| | $b | ГлавНИВЦ |
| | $c | 20221117 |
| | $2 | rusmarc |
| 801 | #2 | $a | RU |
| | $b | ПБ им. Б.Н. Ельцина |
| | $c | 20221209 |
| | $g | RCR |
| | $2 | rusmarc |
| 852 | ## | $a | ГА РФ |
| | $j | 72 |
| 937 | ## | $d | 181480128 |
| | $h | ГАРФ |
| 035 | ## | $a | RuPRLIB51069098 |
| 856 | ## | $u | http://readingroom.main.prlib.ru/item.aspx?id_node=n181480128&mode=full |